Restruring Humanized Landscape With Eco Responsive Plannng Approach (Record no. 362053)

MARC details
000 -LEADER
fixed length control field 00312nam a2200097Ia 4500
008 - FIXED-LENGTH DATA ELEMENTS--GENERAL INFORMATION
fixed length control field 241105s9999 xx 000 0 und d
041 ## - LANGUAGE CODE
Language code of text/sound track or separate title eng
100 ## - MAIN ENTRY--PERSONAL NAME
Personal name Chavan Nishigandha
9 (RLIN) 184210
245 ## - TITLE STATEMENT
Title Restruring Humanized Landscape With Eco Responsive Plannng Approach
260 ## - PUBLICATION, DISTRIBUTION, ETC. (IMPRINT)
Name of publisher, distributor, etc. BNCA-M arch Digital Architecture
Date of publication, distribution, etc. 2021

No items available.